000 01393nam a2200385 c 4500
001 16380
003 ES-MaCES
005 20141221122425.0
008 040406s2004 sp t 000 | eng d
017 _aSE 108-2002
_bDL
035 _aCES20040005544m
040 _aES-MaCES
_bspa
_cES-MaCES
041 1 _aeng
_aspa
100 1 _aDa-Rocha, José María
_910376
245 1 0 _aDevaluation beliefs and debt crisis
_b: the argentinian case
_cJosé-María Da-Rocha, Eduardo L. Giménez y Francisco-Xavier Lores
260 _aSevilla
_bFundación Centro de Estudios Andaluces (centrA)
_c[2004]
300 _a48 p.
_c25 cm
490 1 _aDocumentos de trabajo. Serie Economía
_vE2004/09
500 _aResumen en inglés y español
541 _cGratuito
650 4 _acondiciones económicas
_927081
650 4 _acrisis económica
_927102
650 4 _adeuda
_928111
650 4 _adevaluación
_929412
650 4 _aproducto interior bruto
_929369
650 4 _aArgentina
_926852
653 1 0 _aTransporte-Comunicaciones
700 1 _aGiménez, Eduardo L.
_913403
700 1 _aLores, Francisco-Xavier
_917052
710 2 _aCentro de Estudios Andaluces
_eed.
_91856
830 0 _aDocumento de trabajo (Centro de Estudios Andaluces)
_pSerie Economía
_vE 2004/09
_933967
902 _aDOC Literatura gris
942 _2CES
_cBK
_h5.2.
999 _c16380
_d16380